000 00337nam a2200121Ia 4500
008 231129s9999||||xx |||||||||||||| ||spa||
020 _a958-04-9603-X (Obra
040 _bspa
082 _aR 610.3 E56p
245 0 _aEnciclopedia familiar de la salud
264 _aGrupo Editorial Norma
942 _2ddc
_cBKS
999 _c12985
_d12985